|
|
|
|
| LEADER |
00650nam a22001812a 4500 |
| 001 |
000489343 |
| 003 |
CZ BrMZK |
| 005 |
20031006132826.0 |
| 007 |
ta |
| 008 |
010907s1938 xr f cze d |
| 040 |
|
|
|a BOA001
|b cze
|
| 100 |
1 |
|
|a Hrušovský, Igor,
|d 1907-1978
|7 jn20000603048
|
| 245 |
1 |
0 |
|a Socialistická politika a ethika :
|b (výklad k programu čs. socialistů) /
|c I. Hrušovský
|
| 260 |
|
|
|a Praha :
|b Ústřední výkonný výbor Československé strany socialistické,
|c [1938?]
|
| 300 |
|
|
|a 79 s.
|
| 910 |
|
|
|a BOA001
|b 1-0958.538
|
| 990 |
|
|
|a BK
|
| 996 |
6 |
|
|b 2619211516
|c 1-0958.538
|l MZK
|r Sklad / do 1 hodiny
|n 1
|w 000489343
|u 000010
|a 1
|e BOA001
|j MZK50
|s P
|